000 00229nam a2200097Ia 4500
001 719628
005 20250826163047.0
008 250824s9999 xx 000 0 und d
245 0 _aTOPRAK
_cBUKET UZUNER
260 _bEVEREST YAYINLARI
999 _c719628
_d719628